| 000 | 00603nam a2200181 4500 | ||
|---|---|---|---|
| 001 | 116443 | ||
| 003 | ES-MaACL | ||
| 007 | t| | ||
| 008 | 061121s1975 sp r ||||1| spa d | ||
| 100 | 1 |
_aPauk, Edgar. _989624 |
|
| 245 | 1 | 0 |
_aMiguel Delibes _b: desarrollo de un escritor (1947-1974) / _cEdgar Pauk. |
| 260 |
_aMadrid : _bGredos, _c1975. |
||
| 300 |
_a329 p. ; _c21 cm. |
||
| 490 | 1 |
_aBiblioteca románica hispánica. Estudios y ensayos ; _v228 |
|
| 830 | 0 |
_aBiblioteca románica hispánica. II. Estudios y ensayos _v228 _9178108 |
|
| 852 |
_aES-MaACL _jE-9062 _bR.93296 |
||
| 999 |
_c116443 _d116443 |
||